All 1M+ cities in Southeast Asia - Statistics

General Stats
  • This quiz has been taken 313 times
    294 since last reset
  • The average score is 20 of 32
Answers on the Map
Answers color-coded by a green-red scale on the quiz's map according to % correct below.
 
Answer Stats
Country Population City % Correct
Indonesia 32.10 mil Jakarta
99%
Philippines 26.30 mil Manila
99%
Thailand 19.40 mil Bangkok
98%
Vietnam 4.02 mil Hanoi
98%
Singapore 7.90 mil Singapore
96%
Vietnam 10.60 mil Ho Chi Minh
94%
Malaysia 9.15 mil Kuala Lumpur
94%
Cambodia 5.57 mil Phnom Penh
93%
Myanmar 5.75 mil Yangon
90%
Indonesia 7.05 mil Bandung
79%
Indonesia 6.15 mil Surabaya
79%
Philippines 2.77 mil Cebu
77%
Indonesia 1.58 mil Denpasar
76%
Myanmar 1.60 mil Mandalay
75%
Indonesia 4.07 mil Medan
72%
Philippines 1.60 mil Davao
71%
Vietnam 1.21 mil Da Nang
67%
Malaysia 2.17 mil George Town
66%
Indonesia 1.92 mil Makassar
58%
Indonesia 1.97 mil Yogyakarta
54%
Philippines 1.52 mil Angeles
50%
Indonesia 1.74 mil Palembang
48%
Indonesia 2.27 mil Semarang
42%
Indonesia 1.45 mil Batam
37%
Indonesia 1.22 mil Bandar Lampung
33%
Indonesia 1.65 mil Surakarta
33%
Thailand 1.40 mil Chonburi
31%
Indonesia 1.76 mil Malang
31%
Indonesia 1.25 mil Pekanbaru
27%
Indonesia 1.17 mil Serang
23%
Indonesia 1.13 mil Cirebon
21%
Indonesia 1.22 mil Karawang
8%
No matching quizzes found
Score Distribution
Percent of People with Each Score
Percentile by Number Answered
Your Score History
You have not taken this quiz since the last reset